Investičné jednotky - výnimka z konsolidácie podľa IFRS 10 konsolidovaná účtovná závierka
Investičné jednotky a s nimi súvisiace výnimky z konsolidácie podľa IFRS 10 - konsolidovaná účtovná závierka. Investičná jednotka nekonsoliduje svoje dcérske spoločnosti získané v rámci investičnej činnosti, ale oceňuje ich v reálnej hodnote s vplyvom na výsledok hospodárenia.
Saved in:
| Main Author: | |
|---|---|
| Format: | Book Chapter |
| Language: | Slovak |
| Subjects: | |
| Tags: |
No Tags, Be the first to tag this record!
|
MARC
| LEADER | 00000naa$a2200000$$$4500 | ||
|---|---|---|---|
| 001 | 0184619 | ||
| 005 | 20240502073150.9 | ||
| 041 | 0 | |a slo | |
| 044 | |a SK | ||
| 245 | 1 | 0 | |a Investičné jednotky - výnimka z konsolidácie podľa IFRS 10 konsolidovaná účtovná závierka |c Renáta Hornická |
| 520 | |a Investičné jednotky a s nimi súvisiace výnimky z konsolidácie podľa IFRS 10 - konsolidovaná účtovná závierka. Investičná jednotka nekonsoliduje svoje dcérske spoločnosti získané v rámci investičnej činnosti, ale oceňuje ich v reálnej hodnote s vplyvom na výsledok hospodárenia. | ||
| 610 | 2 | 0 | |a jednotka účtovná |
| 610 | 2 | 0 | |a výkazy finančné |
| 610 | 2 | 0 | |a výsledok hospodársky |
| 610 | 2 | 0 | |a závierka účtovná konsolidovaná |
| 610 | 2 | 0 | |a spoločnosti dcérske |
| 100 | 1 | |a Hornická, Renáta, 1977- | |